Statistics for U.S. States With The Lowest HDI With Exceptions

Click here to take the quiz!

General Stats

  • This quiz has been taken 58 times
  • The average score is 8 of 10

Answer Stats

HDIAnswer% Correct
0.916Michigan
85%
0.917Ohio
85%
0.913Arizona
83%
0.911Idaho
83%
0.907Nevada
83%
0.904New Mexico
83%
0.910Indiana
81%
0.910Missouri
79%
0.899Oklahoma
77%
0.919Maine
69%

Score Distribution

Percentile by Number Answered

Percent of People with Each Score

Your Score History

You have not taken this quiz